Регионална библиотека "Любен Каравелов" - Русе

Приказки от цял свят (Запис номер 65009)

MARC детайли
000 -Лидер
Контролно поле с фиксирана дължина 01183nam a2200337 c 4500
003 - Код на организацията, давaща контролен номер
Контролно поле BLK
005 - Дата и час на последна редакция
Контролно поле 20241227134033.0
008 - Елементи от данни с фиксирана дължина
fixed length control field 180408b bul|||||r ||||||| ||bul||
010 ## - Наследен системен номер
LC control number KNG00069283000
020 ## - Международен стандартен номер на книга ISBN
Международен стандартен номер на книга ISBN 954-739-564-5
-- издат.: Захарий Стоянов
040 ## - Източник на каталожния запис
Идентификатор на билиотеката - собственик на записа BLK
041 ## - Код за език
Код за езика на текст/звукозапис или на отделно заглавие Български
Код за езика КДБФ Български
080 ## - УДК
Текстов определител УДК Българска литература
УДК код - определител по УДК 821.163.2
УДК определител -93-91
УДК - код + определител 821.163.2-93-91
139 ## - Редно поле
Редна дума Райнов, Николай Иванов
Авторски знак Раин - Р 28
245 10 - Сведения за заглавието
Заглавие Приказки от цял свят
Редно поле (дума) преразк. Николай Иванов Райнов.
250 ## - Област на изданието
Сведения за изданието Ново изд.
257 ## - Страна на издаване
Страна на създаване/издаване България
260 ## - Област на издателските данни
-- София
Име на издателя, разпространителя и проч. Захарий Стоянов
Година на издаване 2005
Печатница София : Д. Благоев
300 ## - Физическа характеристика
Страници 640 с.
Размери/Мащаб 22 см
380 ## - Жанр
Жанр Детска худож. лит.
490 1# - СЕРИИ (Колекции)
Име на серия Поредица Приказен свят
500 ## - Общи забележки
Забележка Офс. изд.
653 ## - Ключова дума – ненормативна
Ключова дума приказки
700 1# - Други автори (авторска отговорност)
Лично име Райнов, Николай Иванов
Автороска отговорност (Описва отношението между автора и произведението) преразк.
9 (RLIN) 364082
852 ## - Местоположение
Форматна сигнатура Цб 229996
856 4# - Електронен адрес и достъп
Електронен формат pdf - файл
Път до файла /url/
856 4# - Електронен адрес и достъп
Електронен формат pdf - файл
Път до файла /url/
942 ## - АРТИКУЛИ
Вид на библиотечния материал Книги
Скрит в OPAC Не
Koha issues (borrowed), all copies 27
944 ## - СЪЗДАВАНЕ И РЕДАКЦИЯ на ЗАПИСА
Създаване/Редакция Създаване
Дата на регистрацията/редакция 09.11.2006
Служител, извършил регистрацията/редакцията 30546
Статус, дата на статуса Ренета Константинова
944 ## - СЪЗДАВАНЕ И РЕДАКЦИЯ на ЗАПИСА
Създаване/Редакция Редакция
Дата на регистрацията/редакция 08.01.2008
Служител, извършил регистрацията/редакцията
999 ## - СИСТЕМНИ КОНТРОЛНИ НОМЕРА
Koha biblionumber 65009
Koha biblioitemnumber 65009
Наличности
Код за отписване Код за изгубен артикул Код за повреда Коз за рестрикции Код за отдаване Артикулен № Име на библиотеката - собственик Име на библиотеката, в която се намира в момента Статус (Текущо местоположение) Дата на вписване в системата Местоположение - отдел Цена в лева Инвентарен номер Систематично азбучна сигнатура Баркод Номер на екземпляра Цена в евро Служебна бележка Служебен тип на артикула Източник на класификационната схема
  Не е изгубен Не е повреден без рестрикции ползва се в читалня 107299 Регионална библиотека "Любен Каравелов" Русе Регионална библиотека "Любен Каравелов" Русе Хранилище 2006-11-09 Хранилище 15.00 120000706560 Цб 229996 120000706560 1 7.67 Дост: Dp Вид: Д N: 50 Дата: 30.11.2005 Книги  
  Не е изгубен Не е повреден без рестрикции заемане за дома 107300 Регионална библиотека "Любен Каравелов" Русе Регионална библиотека "Любен Каравелов" Русе Детски отдел 2007-12-21 Детски отдел 15.00 120000721624 ДХ 820/899/Р 28 120000721624 2 7.67 Дост: Pk Вид: Ф N: 13343 Дата: 17.12.2007 Дата инв: 12.08.2015 Бележки инв: Д2015 Книги  
  Не е изгубен Не е повреден без рестрикции заемане за дома 107301 Регионална библиотека "Любен Каравелов" Русе Регионална библиотека "Любен Каравелов" Русе Детски отдел 2007-12-21 Детски отдел 15.00 120000721625 ДХ 820/899/Р 28 120000721625 3 7.67 Дост: Pk Вид: Ф N: 13343 Дата: 17.12.2007 Дата инв: 12.08.2015 Бележки инв: Д2015 Книги  
  Не е изгубен Не е повреден без рестрикции заемане за дома 107302 Регионална библиотека "Любен Каравелов" Русе Регионална библиотека "Любен Каравелов" Русе Детски отдел 2007-12-21 Детски отдел 15.00 120000721626 ДХ 820/899/Р 28 120000721626 4 7.67 Дост: Pk Вид: Ф N: 13343 Дата: 17.12.2007 Дата инв: 19.08.2015 Бележки инв: Д2015 Книги  
  Не е изгубен Не е повреден без рестрикции заемане за дома 107303 Регионална библиотека "Любен Каравелов" Русе Регионална библиотека "Любен Каравелов" Русе Детски отдел 2007-12-21 Детски отдел 15.00 120000721627 ДХ 820/899/Р 28 120000721627 5 7.67 Дост: Pk Вид: Ф N: 13343 Дата: 17.12.2007 Дата инв: 12.08.2015 Бележки инв: Д2015 Книги Universal Decimal Classification
  Не е изгубен Не е повреден без рестрикции заемане за дома 107304 Регионална библиотека "Любен Каравелов" Русе Регионална библиотека "Любен Каравелов" Русе Детски отдел 2007-12-21 Детски отдел 15.00 120000721628 ДХ 820/899/Р 28 120000721628 6 7.67 Дост: Pk Вид: Ф N: 13343 Дата: 17.12.2007 Дата инв: 12.08.2015 Бележки инв: Д2015 Книги  
  Не е изгубен Не е повреден без рестрикции заемане за дома 107305 Регионална библиотека "Любен Каравелов" Русе Регионална библиотека "Любен Каравелов" Русе Детски отдел 2007-12-21 Детски отдел 15.00 120000721629 ДХ 820/899/Р 28 120000721629 7 7.67 Дост: Pk Вид: Ф N: 13343 Дата: 17.12.2007 Дата инв: 12.08.2015 Бележки инв: Д2015 Книги  
  Не е изгубен Не е повреден без рестрикции заемане за дома 107306 Регионална библиотека "Любен Каравелов" Русе Регионална библиотека "Любен Каравелов" Русе Детски отдел 2007-12-21 Детски отдел 15.00 120000721630 ДХ 820/899/Р 28 120000721630 8 7.67 Дост: Pk Вид: Ф N: 13343 Дата: 17.12.2007 Дата инв: 12.08.2015 Бележки инв: Д2015 Книги  
Изтеглен Не е изгубен Не е повреден без рестрикции заемане за дома 107307 Регионална библиотека "Любен Каравелов" Русе Регионална библиотека "Любен Каравелов" Русе Детски отдел 2007-12-21 Детски отдел 15.00 120000721631 ДХ 820/899/Р 28 120000721631 9 7.67 Дост: Pk Вид: Ф N: 13343 Дата: 17.12.2007 Дата инв: 12.08.2015 Бележки инв: Д2015 Книги  
Vip Innovations Ltd, Rousse, Bulgaria 2025